000 01026nam a2200217Ia 4500
001 16916
003 GE_BSU
008 181216s||||||||xx |||||||||||||| ||und||
040 _cGE_BSU
080 _a821.161.1-32
100 _aჩეხოვი, ა.პ.
245 _aმოთხრობები
260 _aბათუმი
260 _bსაბჭ. აჭარა
260 _c1985
300 _a106გვ. ; 21სმ
653 _aმოთხრობები
653 _aმოხელის სიკვდილი; მსუქანი და გამხდარი; რეპეტიტორი; ქამელეონი; ნიღაბი; ღლაბუტა; ბოროტგამზრახველი;
653 _aუნტერი პრიშიბეევი; ძახილის ნიშანი; სანაძლეო; კაცი ფუტლიარში; სულიკო; მწვანე კონცხი; ტრამალი
942 _cBK
999 _c49980
_d49980